000 00599nam a2200229Ia 4500
003 OSt
005 20220928102233.0
006 a|||||r|||| 00| 0
007 ta
008 220927b |||||||| |||| 00| 0 eng d
024 _a45048
037 _cTextual
040 _aSDCL
_cSDCL
_beng
041 _2eng
_aeng
082 _aO152,1Mx, L2;1
100 _aSingh Vijaypal
_9397337
245 0 _aRitikavya-sangrah.
260 _aAllahbad
_bLok Bharti Prakashan
_c1972
300 _a150p.
_ccm.
942 _hO152,1Mx, L2;1
_cTEXL
_2CC
999 _c713128
_d713128